Canon EOS Rebel T5i/700D:Digital Field Guide (Record no. 14161)

MARC details
000 -LEADER
fixed length control field 00361nam a2200145Ia 4500
008 - FIXED-LENGTH DATA ELEMENTS--GENERAL INFORMATION
fixed length control field 230312s9999||||xx |||||||||||||| ||und||
020 ## - INTERNATIONAL STANDARD BOOK NUMBER
International Standard Book Number 978-1118711644
082 ## - DEWEY DECIMAL CLASSIFICATION NUMBER
Classification number 771.33
Item number SIL-C
100 ## - MAIN ENTRY--PERSONAL NAME
Personal name Sillars;Rosh
245 #0 - TITLE STATEMENT
Title Canon EOS Rebel T5i/700D:Digital Field Guide
260 ## - PUBLICATION, DISTRIBUTION, ETC.
Name of publisher, distributor, etc. Wiley
Place of publication, distribution, etc. USA
Date of publication, distribution, etc. 2013
300 ## - PHYSICAL DESCRIPTION
Extent 274
650 ## - SUBJECT ADDED ENTRY--TOPICAL TERM
Topical term or geographic name entry element Computer
Form subdivision ART
942 ## - ADDED ENTRY ELEMENTS (KOHA)
Koha item type BOOK
Holdings
Withdrawn status Lost status Source of classification or shelving scheme Damaged status Not for loan Home library Current library Date acquired Total Checkouts Full call number Barcode Date last seen Price effective from Koha item type
    Dewey Decimal Classification     Superior Information Resource Center (SIRC) Superior University- Main Campus Superior Information Resource Center (SIRC) Superior University- Main Campus 03/13/2023   771.33 SIL-C 14296 03/13/2023 03/13/2023 BOOK

Powered by Koha